000 00663nam a2200253Ia 4500
003 OSt
005 20221006144058.0
006 a|||||r|||| 00| 0
007 ta
008 221006b |||||||| |||| 00| 0 eng d
020 _c
_6.95
024 _a10,824
037 _cTextual
040 _aEASL
_cEASL
_beng
041 _2eng
_aeng
082 _aW81.41nM85,1, K8
100 _aJUNG Tsou
_9650829
245 0 _aRevolutionary army
_b A Chinese nationalist tract of 1903
260 _aParis
_bMouton
_c1968
300 _a152p.
_ccm.
490 _v CEL
942 _hW81.41nM85,1, K8
_cTEXL
_2CC
999 _c1078910
_d1078910